000 00790nam a2200181 i 4500
001 165638
003 ES-MaACL
005 20250703063543.0
008 960520s1851 sp af |||| | spa d
040 _aCARM
_bspa
_cCCPB | SIC
100 1 _aSoulié, Frédéric,
_d1800-1847
_9107564
245 1 4 _aLas memorias del diablo /
_cpor Federico Soulié.
250 _aEd. ilustrada con 66 grabados.
260 _aMadrid :
_b[s.n.],
_c1851 (
_festablecimiento tipográfico de F. de P. Mellado)
300 _a311 p. :
_bil. ;
_c28 cm.
852 _aES-MaACL
_jC-2290(1)
_z-- Enc. hol.
_z-- Legado M. de La Fuente
_z-- Enc. en un vol. facticio
_x-- Edic.: el ejemplar tiene una portadilla en la que aparece la serie: Novelas populares y obras ilustradas
999 _c165638
_d165638